Score 0/13 Timer 02:00
1 Play Today
Clue 4-Letter Word % Correct
Actor Baldwin of '30 Rock'ALEC
95.5%
Actor Fey of '30 Rock'TINA
90.1%
Succulent plant used to sooth burnsALOE
89%
What a spur is attached to on a cowboyBOOT
87.5%
Powder that darkens Santa's suitSOOT
86%
On the sheltered side of the boatALEE
77.2%
A pale colorationTINT
74.9%
Cartoon dog voiced by John TravoltaBOLT
73.8%
A narrow groove or openingSLOT
72.7%
___ gin fizzSLOE
71.7%
Foul for shaking a pinball machine too muchTILT
70.6%
Defunct highly-caffeinated colaJOLT
64%
Leave someone at the altarJILT
62.6%

Today's Daily Dose

Remove Ads.
Support Sporcle.
Get the best of Sporcle when you Go Orange. This ad-free experience offers more features, more stats, and more fun while also helping to support Sporcle. Thank you for becoming a member.

You're not logged in!

Compare scores with friends on all Sporcle quizzes.
OR
Log In

Show Comments

Extras

Top Quizzes Today


Score Distribution

Your Account Isn't Verified!

In order to create a playlist on Sporcle, you need to verify the email address you used during registration. Go to your Sporcle Settings to finish the process.

Report this User

Report this user for behavior that violates our Community Guidelines.

Details: